000 00290nam a22001337a 4500
999 _c5792
_d5792
020 _a978-0073376769
082 _a658.403
100 _aJames A. O'Brien
245 _aManagement Information Systems
250 _a6th
260 _aNew Delhi
_bPearson
_c2003
300 _a350
942 _cBK